000
00338nam a2200145Ia 4500
003
OSt
005
20240307144831.0
008
170524s9999 xx 000 0 und d
020
_a
978-0133874037
040
_c
IIMT
100
_a
Fraser- L M
245
0
_a
Understanding Financial Statements
260
_b
NEW DELHI : PHI
942
_2
ddc
_c
02
999
_c
8658
_d
8658